书目信息 |
| 题名: |
我们内心的冲突
|
|
| 作者: | 霍妮 著 ;王作虹 译 | |
| 分册: | ||
| 出版信息: | 南京 译林出版社 2015.05 |
|
| 页数: | 154页 | |
| 开本: | 23cm | |
| 丛书名: | 双语译林 | |
| 单 册: | ||
| 中图分类: | B84-065 | |
| 科图分类: | ||
| 主题词: | 精神分析--jing shen fen xi--研究--英语--汉语--对照读物 , 心理学 | |
| 电子资源: | ||
| ISBN: | 978-7-5447-5414-9 | |
| 000 | 01184nam 2200301 450 | |
| 001 | CAL 0120151553393 | |
| 005 | 20150828160638.29 | |
| 010 | @a978-7-5447-5414-9@dCNY28.80 | |
| 100 | @a20150504d2015 em y0chiy50 ea | |
| 101 | 1 | @achi@aeng@ceng |
| 102 | @aCN@b320000 | |
| 106 | @ar | |
| 200 | 1 | @a我们内心的冲突@Awo men nei xin de chong tu@f(美国) 卡伦·霍妮著@g王作虹译 |
| 210 | @a南京@c译林出版社@d2015.05 | |
| 215 | @a154页@d23cm | |
| 225 | 2 | @a双语译林@Ashuang yu yi lin@h第四辑@i壹力文库@v093 |
| 312 | @a英文题名取自封面 | |
| 330 | @a本书讨论了人内心主要的冲突类型以及它们的各种表现形式, 分析并归纳了各种相互矛盾的态度和倾向, 指出了被这些冲突所扰之人旨在解决冲突的努力怎样导致失败并陷入恶性循环, 提出了解决这些冲突的切实可行的建议及设想。本书买中文版赠英文版。 | |
| 410 | 0 | @12001 @a双语译林@h第四辑@i壹力文库@v093 |
| 500 | 10 | @aOur inner conflicts@mChinese |
| 586 | @a | |
| 606 | 0 | @a精神分析@Ajing shen fen xi@x研究@x英语@x汉语@j对照读物 |
| 606 | 0 | @a心理学 |
| 690 | @aB84-065@v5 | |
| 701 | 1 | @a霍妮@Ahuo ni@g(Horney, Karen),@f1885-1952@4著 |
| 702 | 0 | @a王作虹@Awang zuo hong@4译 |
| 801 | 0 | @aCN@c20150820 |
| 905 | @a河南城建学院图书馆@dB84-065@eH971@f3 | |
| 我们内心的冲突/(美国) 卡伦·霍妮著/王作虹译.-南京:译林出版社,2015.05 |
| 154页;23cm.-(双语译林.第四辑.壹力文库;093) |
| ISBN 978-7-5447-5414-9:CNY28.80 |
| 本书讨论了人内心主要的冲突类型以及它们的各种表现形式, 分析并归纳了各种相互矛盾的态度和倾向, 指出了被这些冲突所扰之人旨在解决冲突的努力怎样导致失败并陷入恶性循环, 提出了解决这些冲突的切实可行的建议及设想。本书买中文版赠英文版。 |
| ● |
| 相关链接 |
|
|
|
正题名:我们内心的冲突
索取号:B84-065/H971
 
预约/预借
| 序号 | 登录号 | 条形码 | 馆藏地/架位号 | 状态 | 备注 |
| 1 | 1168440 | 211684408 | 社科库509/509社科库 34排4列5层/ [索取号:B84-065/H971] | 在馆 | |
| 2 | 1168441 | 211684417 | 社科库509/509社科库 34排4列5层/ [索取号:B84-065/H971] | 在馆 | |
| 3 | 1168442 | 211684426 | 社科库509/509社科库 34排4列5层/ [索取号:B84-065/H971] | 在馆 |